| 000 | 01061nam a22001937a 4500 | ||
|---|---|---|---|
| 999 |
_c28934 _d28934 |
||
| 003 | CUTN | ||
| 005 | 20190614123835.0 | ||
| 008 | 190614b ||||| |||| 00| 0 eng d | ||
| 020 | _a9781895958003 | ||
| 020 | _a1895958008 | ||
| 041 | _aEnglish | ||
| 082 |
_a616.071 _bSHA |
||
| 100 | _aSharma, Hari: | ||
| 240 | _a Freedom from disease : | ||
| 245 |
_a Freedom from disease : _bhow to control free radicals, a major cause of aging and disease/ _cHari Sharma. |
||
| 260 |
_aCanada _bVeda Publishing, Inc. _c1993 |
||
| 505 |
_aIntroduction: The Dual Discovery _tPart One: The Free Radical Paradigm 1. The Health Care Solution _t2. How Free Radicals Are Created _t3.Free Radicals, Aging, and Disease _tPart Two: Winning the Battle 4. The Body's Defenses _t5. The Natural Solution to Free Radicals _t6. Stopping Free Radicals Before They Start _tPart Three: The Consciousness Paradigm 7. Living in Tune with Nature's Intelligence _t8. From Mind to Body _t9.The Twenty Approaches of Maharishi Ayur-Ved _tConclusion: Toward a Disease-Free Society |
||
| 942 |
_2ddc _cBOOKS |
||